000 00333nam a22001457a 4500
005 20170401142057.0
008 170401b xxu||||| |||| 00| 0 eng d
020 _a81-8143-603-2
041 _aeng
100 _aPANDEY,RAJENDRA
_93770
245 _aPATKATHA KAISE LIKHEIN
300 _a147
650 _aMASS COMM
_93668
942 _cBK
999 _c5380
_d5378